000 00600nam a2200205 i 4500
001 31766
003 ES-MaACL
005 20250607063014.0
007 t|
008 030130s1957 sp ||||1| cat d
100 1 _aBenguerel, Xavier,
_d1905-1990
_927580
245 1 0 _aSóc un assassí /
_cXavier Benguerel.
250 _a1ª ed.
260 _aBarcelona :
_bAlberti,
_c[1957]
300 _a163 p. ;
_c16 cm.
490 1 _a"Nova Col-lecció Lletres" ;
_v31
830 0 _a"Nova Col-lecció Lletres" ;
_v31
_9181916
852 _aES-MaACL
_jC-18133
_bR.41219
999 _c31766
_d31766